Tienda especializada para zurdos /

I tiakina i:
Ngā taipitopito rārangi puna kōrero
Kaituhi matua: Pérez Aldrete, Alicia Gabriela (autor)
Hōputu: Tuhinga whakapae Pukapuka
Reo:Pāniora
Ngā marau:
Ngā Tūtohu: Tāpirihia he Tūtohu
Kāore He Tūtohu, Me noho koe te mea tuatahi ki te tūtohu i tēnei pūkete!

MARC

LEADER 00000nam^a2200000^a^4500
001 000151454
005 20250521000000.0
009 20260310100211.05
037 |a Acervo ITESO - Biblioteca 
041 |a ESP 
090 |a DIS. 42 
100 |a Pérez Aldrete, Alicia Gabriela  |e (autor) 
245 1 0 |a Tienda especializada para zurdos /  |c A.G. Pérez Aldrete. 
264 |a Guadalajara, México :  |b edición de autor,  |c 2003 
300 |a 1 disco compacto de computadora 
336 |a datos para computadora  |b cod  |2 rdacontenido 
337 |a computadora  |b c  |2 rdamedio 
338 |a disco de computadora  |b cd  |2 rdasoporte 
502 |a ITESO Tesis de Licenciatura en Diseño 
649 |a XX 
650 |a Accesorios y Aparatos Domésticos 
650 |a Empresas Comerciales 
650 |a Empaques y Bolsas 
650 |a Aparadores (Diseño y Montaje) 
650 |a Identidad Corporativa 
650 |a Campañas Publicitarias 
650 |a Promoción del Producto 
650 |a Promoción del Servicio 
650 |a Mezcla de Mercadotecnia 
650 |a Comunicación Organizacional 
650 |a Comunicación Visual 
650 |a Mercadotecnia 
650 |a Mercadotecnia de Servicios 
650 |a Ciencias Administrativas 
650 |a Diseño 
910 |a Fondo General 
920 |a Electrónicos - Tesis del ITESO en Disco 
905 |a 202 
901 |a 0500086845  |b IT2  |c STS  |u 20250521 
902 |a https://opac.biblio.iteso.mx/vufind/Record/000151454